000
00295nam a2200121 a 4500
008
101022s1966|||| d
100
1
_a
Ivanovič-Kuprin, Alexander
245
1
0
_a
Jama
041
_a
slo
044
_a
xo
_c
SK
260
_b
Slovenský spisovateľ
_a
Bratislava
_c
1966
020
_c
11,50
999
_c
12049
_d
12049